Matematika 1 zbierka úloh

Gespeichert in:
Bibliographische Detailangaben
1. Verfasser: Horáková, Galina
Körperschaft: Ekonomická univerzita v Bratislave. Fakulta hospodárskej informatiky
Weitere Verfasser: Starečková, Anna
Format: Buch
Sprache:Slowakisch
Veröffentlicht: Bratislava Vydavateľstvo EKONÓM 2007
Ausgabe:4. vyd.
Schlagworte:
Tags: Tag hinzufügen
Keine Tags, Fügen Sie das erste Tag hinzu!

MARC

LEADER 00000nam$a2200000$$$4500
001 0063762
005 20240502071735.4
020 |a 978-80-225-2361-5 
041 0 |a slo 
044 |a SK 
245 1 0 |a Matematika 1  |b zbierka úloh  |c Galina Horáková, Anna Starečková 
250 |a 4. vyd. 
264 1 |a Bratislava  |b Vydavateľstvo EKONÓM  |c 2007 
300 |a 232 s. 
610 2 0 |a matematika 
610 2 0 |a limity 
610 2 0 |a funkcie matematické 
100 1 |a Horáková, Galina 
700 1 |a Starečková, Anna 
710 2 |a Ekonomická univerzita v Bratislave. Fakulta hospodárskej informatiky